PARTY LEADERSHIP IN THE STATES (Record no. 1233)

000 -LEADER
fixed length control field 00309nam a22001097a 4500
008 - FIXED-LENGTH DATA ELEMENTS--GENERAL INFORMATION
fixed length control field 150827b xxu||||| |||| 00| 0 eng d
020 ## - INTERNATIONAL STANDARD BOOK NUMBER
International Standard Book Number 0870232010
082 ## -
Classification number 324.273 HUC
100 ## - MAIN ENTRY--PERSONAL NAME
Personal name HUCKSHORN,ROBERT.J
245 ## - TITLE STATEMENT
Title PARTY LEADERSHIP IN THE STATES
260 ## - PUBLICATION, DISTRIBUTION, ETC. (IMPRINT)
Place of publication, distribution, etc. NEW YORK
Name of publisher, distributor, etc. UNIVERSITY OF MASSACHUSETTS PRESS
Date of publication, distribution, etc. 1976
Holdings
Withdrawn status Lost status Source of classification or shelving scheme Damaged status Koha normalized classification for sorting Not for loan Home library Current library Shelving location Date acquired Total Checkouts Full call number Barcode Date last seen Price effective from Koha item type
        324_273000000000000_HUC   Dodoma Dodoma Ground Floor 27/08/2015   324.273 HUC 000000002950 29/07/2019 27/08/2015 BOOKS

IRDP © 2019 :: Managed by IRDP ICT Unit